Bibliography: Industrialized systems of construction : articles, papers and books dealing with the subject of building with 'industrialized' systems of construction.

Saved in:
Bibliographic Details
Corporate Author: Cement and Concrete Association. Library
Format: Book
Language:English
Published: London : Cement and Concrete Association, 1962.
Subjects:
LEADER 01220cam a2200277 a 4500
001 c000381246
003 CARM
005 20110823105019.0
008 110823s1962 enk b 000 0 eng d
019 1 |a 3964679  |5 LACONCORD2021 
035 |a (OCoLC)225943875  |5 LACONCORD2021 
040 |a NUN  |b eng  |c NUN 
082 0 4 |a 016.69197 
110 2 |a Cement and Concrete Association.  |b Library. 
245 1 0 |a Bibliography: Industrialized systems of construction :  |b articles, papers and books dealing with the subject of building with 'industrialized' systems of construction. 
246 3 |a Industrialized systems of construction bibliography 
246 3 |a C & CA library bibliography :  |b industrialized systems of construction 
260 |a London :  |b Cement and Concrete Association,  |c 1962. 
300 |a 28 p. ;  |c 30 cm. 
500 |a Cat. from cover. 
650 0 |a Buildings  |x Prefabricated  |v Bibliography. 
852 8 |b CARM  |p 0576302  |f BK 
852 8 |b SCAN  |h A3:AG05D0  |i F07983  |p 0576302  |f BK 
999 f f |i 8e8cc879-6364-571f-b6e3-d1fb3e32571d  |s 67ced8f9-b07f-5ae7-a676-8c6f3c986d83 
952 f f |p Can circulate  |a CAVAL  |b CAVAL  |c CAVAL  |d CARM 1 Store  |i book  |m 0576302 
952 f f |a CAVAL  |b CAVAL  |c CAVAL  |d Unmapped Location  |e F07983  |f A3:AG05D0  |h Other scheme